Quasicrystals and Geometry
Αποθηκεύτηκε σε:
| Κύριος συγγραφέας: | |
|---|---|
| Μορφή: | Βιβλίο |
| Γλώσσα: | English |
| Δημοσίευση: |
Cambridge ; New York :
Cambridge University Press,
1995
|
| Θέματα: | |
| Ετικέτες: |
Προσθήκη ετικέτας
Δεν υπάρχουν, Καταχωρήστε ετικέτα πρώτοι!
|
MARC
| LEADER | 00000nam a2200000 i 4500 | ||
|---|---|---|---|
| 001 | 1/37473 | ||
| 008 | 970422s1995 eng d | ||
| 020 | |a 0-521-37259-3 | ||
| 035 | |1 ΕΛΗ |a 1997 |b 1604 |c ΔΗΜΑΚΗΣ |l 10040519 | ||
| 040 | |a GR-MY-UA |b gre |e aacr | ||
| 041 | 0 | |a eng | |
| 082 | 0 | |a 548.81 | |
| 100 | 1 | |a Senechal, Marjorie. | |
| 245 | 1 | 0 | |a Quasicrystals and Geometry / |c Marjorie Senechal |
| 260 | |a Cambridge ; New York : |b Cambridge University Press, |c 1995 | ||
| 300 | |a xv, 286 p., [2] p. of plates; |b ill. (som col.); |c 24 cm. | ||
| 500 | |a Includes bibliographical references (p. 272-282) and index | ||
| 650 | 0 | 0 | |a Quasicrystals. |
| 650 | 0 | 0 | |a Crystallography, Mathematical. |
| 852 | |a INST |b SAMOS |e 19970422 |h 548.81 SEN |p 005300008869 |q 005300008869 |t BK |y 0 | ||
| 901 | |a BIBL-1997-2 | ||
| 909 | |a Σ |b 050843 | ||